| 000 | 00437nam a2200157Ia 4500 | ||
|---|---|---|---|
| 999 |
_c18579 _d18579 |
||
| 003 | OSt | ||
| 005 | 20200618153313.0 | ||
| 008 | 190216s9999||||xx |||||||||||||| ||und|| | ||
| 040 | _coclc | ||
| 082 |
_a954 _bGEN/H |
||
| 100 |
_aGense, James H _93063 |
||
| 245 | 0 |
_aA History Of India / _cJames H Gense |
|
| 260 |
_bMacmillan &co Ltd, _aBombay: _c1965. |
||
| 300 | _a440p | ||
| 942 |
_cBK _2ddc _h954 _iGEN/H _k954 _mGEN/H |
||